| 000 | 00969nam0a2200301 4500 | ||
|---|---|---|---|
| 001 | RU\NLR\bibl\904341 | ||
| 005 | 20260405172422.0 | ||
| 010 |
_a5-699-13866-8 _95000 |
||
| 021 |
_aRU _b2005-85890 _94254 |
||
| 035 | _a(NLR Aleph) 000892754 | ||
| 090 |
_a1728727 _c1728727 |
||
| 100 | _a20060206d2005 |||y0rusy50 ca | ||
| 101 | 0 | _arus | |
| 102 | _aRU | ||
| 105 | _ay ||||||||| | ||
| 200 | 1 |
_aМужская работа _fАндрей Добрынин |
|
| 210 |
_aМосква _cЭксмо _cЯуза _d2005 |
||
| 215 |
_a574, [1] с. _d21 |
||
| 225 | 1 | _aНаш сериал | |
| 686 | _aШ6(2=Р)75-446 | ||
| 700 | 1 |
_4070 _7ca _8rus _aДобрынин _bА. В. _cписатель, канд. экон. наук _f1957-2023 _gАндрей Владимирович _956851 _3RU\NLR\AUTH\7773923 |
|
| 801 | 0 |
_aRU _bNLR _c20060206 _grcr |
|
| 801 | 1 |
_aRU _bNLR _c20060206 |
|
| 942 | _cBOOK | ||
| 980 | _aNB | ||